书目信息 |
| 题名: |
创业测试
|
|
| 作者: | 马林斯 著 ;石建峰 译 | |
| 分册: | ||
| 出版信息: | 北京 中国人民大学出版社 2004 |
|
| 页数: | 243页 | |
| 开本: | 23cm | |
| 丛书名: | 创业管理丛书 | |
| 单 册: | ||
| 中图分类: | F272.2 , F712.1 | |
| 科图分类: | ||
| 主题词: | 企业管理 , 企业管理--商业计划 , 商业经济--国内 | |
| 电子资源: | ||
| ISBN: | 7-300-05256-8 | |
| 000 | 01534nam0 2200337 450 | |
| 000 | 01496nam0 2200313 450 | |
| 000 | 01427nam0 2200289 450 | |
| 000 | 01391oam2 2200277 45 | |
| 005 | 20070725111703.26 | |
| 010 | @a7-300-05256-8@dCNY15.00 | |
| 100 | @a20070719d2004 em y0chiy0120 ea | |
| 101 | 1 | @achi@ceng |
| 102 | @aCN@b110000 | |
| 105 | @ay z 000yy | |
| 200 | 1 | @a创业测试@AChuang Ye Ce Shi@e企业家及经理人在制定商业计划前应该做些什么@EQi Ye Jia Ji Jing Li Ren Zai Zhi Ding Shang Ye Ji Hua Qian Ying Gai Zuo Xie Shi Me@f约翰·W.马林斯(John W.Mullins)著@FYue Han· W. Ma Lin Si (John W.Mullins) Zhu@g石建峰译 |
| 210 | @a北京@c中国人民大学出版社@d2004 | |
| 215 | @a243页@d23cm | |
| 225 | 2 | @a创业管理丛书 |
| 330 | @a大多数人的创业思路至少存在一个致命错误,本书提供了解决方案。本书指出,用严格的七领域测试方法来检查创业思路,就能及时发现错误,并找到改进方法,或者是在泥足深陷之前及时退出,转做其他事情。 | |
| 410 | 0 | @12001 @a创业管理丛书 |
| 510 | 1 | @aThe New Business Road Test : What Entrepreneurs and Executives should do before Writing a Business Plan@zeng |
| 517 | 1 | @a企业家及经理人在制定商业计划前应该做些什么@AQi Ye Jia Ji Jing Li Ren Zai Zhi Ding Shang Ye Ji Hua Qian Ying Gai Zuo Xie Shi Me |
| 606 | 0 | @a企业管理 |
| 606 | 0 | @a企业管理@x商业计划 |
| 606 | 0 | @a商业经济@x国内 |
| 690 | @aF272.2@v4 | |
| 690 | @aF712.1@v3 | |
| 701 | 1 | @c(英)@a马林斯@AMa Lin Si@g(Mullins, John W.)@4著 |
| 702 | 0 | @a石建峰@AShi Jian Feng@4译 |
| 801 | 0 | @aCN@bTAOJIN@c20070725 |
| 905 | @a10447@dF712.1@e338 | |
| 创业测试:企业家及经理人在制定商业计划前应该做些什么/约翰·W.马林斯(John W.Mullins)著/石建峰译.-北京:中国人民大学出版社,2004 |
| 243页;23cm.-(创业管理丛书) |
| ISBN 7-300-05256-8:CNY15.00 |
| 大多数人的创业思路至少存在一个致命错误,本书提供了解决方案。本书指出,用严格的七领域测试方法来检查创业思路,就能及时发现错误,并找到改进方法,或者是在泥足深陷之前及时退出,转做其他事情。 |
| ● |
| 相关链接 |
|
|
|
|
正题名:创业测试
索取号:F712.1/338
 
预约/预借
| 序号 | 登录号 | 条形码 | 馆藏地/架位号 | 状态 | 备注 |
| 1 | 0824979 | 208249796 | 第一样本阅览室/ [索取号:F712.1/338] | 在馆 | |
| 2 | 0824980 | 208249803 | 第一借阅区/ [索取号:F712.1/338] | 在馆 | |
| 3 | 0824981 | 208249812 | 第一借阅区/ [索取号:F712.1/338] | 在馆 | |
| 4 | 0824982 | 208249821 | 第一借阅区/ [索取号:F712.1/338] | 在馆 | |
| 5 | 0824983 | 208249830 | 第一借阅区/ [索取号:F712.1/338] | 在馆 | |
| 6 | 0824984 | 208249849 | 第一借阅区/ [索取号:F712.1/338] | 在馆 | |
| 7 | 0824985 | 208249858 | 第一借阅区/ [索取号:F712.1/338] | 在馆 | |
| 8 | 0824986 | 208249867 | 第一借阅区/ [索取号:F712.1/338] | 在馆 |